Banca central (Registro nro. 12064)

Detalles MARC
000 -Cabecera
Campo de control de longitud fija 00757nam a22002897a 4500
005 - Fecha y hora de la última transacción
Campo de control 20250729131809.0
008 - Elementos de longitud fija--Información general
Campo de control de longitud fija 190613b2000 xxu||||| |||| 00| 0 spa d
020 ## - International Standard Book Number
Número Internacional Estándar del Libro (ISBN) 9968310379
041 ## - Idioma
Código de idioma Español
082 ## - Clasificación Decimal Dewey
Número de clasificación 332.11 H557b2
100 ## - Entrada principal--Autor personal
Nombre personal Hernández Rodríguez, Carlos A.
9 (RLIN) 54381
245 ## - Título propiamente dicho
Título Banca central
250 ## - Edición
Mención de edición 2 edición
260 ## - Pie de imprenta
Lugar de publicación, distribución, etc. Costa Rica
260 ## - Pie de imprenta
Nombre del editor, distribuidor, etc. EUNED
260 ## - Pie de imprenta
Fecha de publicación, distribución, etc. 2000
300 ## - Descripción física
Extensión 264 páginas
490 ## - Serie
Título de la Serie Dirección y Administración de Empresas
650 ## - Materia general
Temática (materia general) COSTA RICA
650 ## - Materia general
Temática (materia general) BANCOS CENTRALES
650 ## - Materia general
Temática (materia general) OBJETIVOS
650 ## - Materia general
Temática (materia general) FUNCIONES
650 ## - Materia general
Temática (materia general) OPERACIONES DE MERCADO ABIERTO
650 ## - Materia general
Temática (materia general) POLÍTICA MONETARIA
650 ## - Materia general
Temática (materia general) RELACIONES FINANCIERAS INTERNACIONALES
942 ## - Punto de acceso adicional KOHA
Tipo de ítem KOHA Libro
Fuente del sistema de clasificación o colocación Dewey Decimal Classification
Existencias
Signatura completa Código de barras Programa Académico Tipo de ítem
332.11 H557b2 6541 Dirección y Administración de Empresas Libro